000 00400nam a22001697a 4500
003 MPLRDC
005 20220104113939.0
008 210129b ||||| |||| 00| 0 eng d
082 _a848.2 ZXF-3 v.5
100 _a张晓风编
245 _a第一篇诗
_c
260 _a
_b尔雅出版社
_c
300 _b
490 _a尔雅丛书;137
650 _a现代别集
942 _cBK
_o848.2 ZXF-3 v.5
999 _c3610
_d3600